00929nam a22002657a 45000010005000000030006000050050017000110080041000280200018000690400029000870500014001160820010001301000029001402450081001692500027002502600034002773000039003115050007003505200174003575210019005315210018005506500037005686500027006057000031006324523FISKH20250702110604.0240913b cb ||||| |||| 00| 0 eng d a9780545560054 aFISKHbengcFISKHdFISKH aPZ7.P3856 2813.6 aPennypacker, Sarad1951- aClementine and the spring trip / cSara Pennypacker Pictures by Marla Frazee aFirst printing in 2013 aNew York:bScholastic,c2013. a151 pages :billustrations ;c22cm aR  aThird-grader Clementine's school field trip to Plimoth Plantation leads to all kind of discoveries, from fourth grade eating rules to the source of the stink on the bus.8 a720L bLexile 8 aR bRaz-Plus  2SchoolaRulesvRealistic fiction 2FriendshipaField trip aFrazee, MarladIllustrator